| 000 | 00550nam a2200145 a 4500 | ||
|---|---|---|---|
| 008 | 120416s1976 ||||||||||||||||| || u | ||
| 050 | _aHF 5549.5.C67 Hen | ||
| 100 | _aHenderson, Richard I | ||
| 245 | 1 | 0 | _aCompensation management |
| 246 | _arewarding performance in the modern organization | ||
| 260 |
_aReston, Virginia _bReston _c1976 |
||
| 300 | _axii, 515p. : ill | ||
| 350 | _a0.00 | ||
| 995 |
_D0.00 _FCBU-MAIN LIBRARY (Kitwe) _H1 _I0.00 _UAVAILABLE _ZMain Library Open Access Collection |
||
| 999 |
_c38078 _d38078 |
||